00422nam a22001457a 4500003000400000005001700004008004100021020001800062040000900080082001900089100002400108245009400132260004100226300000900267OSt20210312144032.0210310b ||||| |||| 00| 0 eng d a9788131609309 coclc a303.372bCAP/S aCapeheart, Loretta  aSocial Justice :bTheories Issues And Movement /cLoretta Capeheart ; Dragan Milovanovic  aJaipur:bRawat Publications, c2018. a257p